UBT Library

All about growing orchids / (Record no. 41599)

000 -LEADER
fixed length control field 00779nam a2200241 a 4500
001 - CONTROL NUMBER
control field 3370322
005 - DATE AND TIME OF LATEST TRANSACTION
control field 20180202043200.0
008 - FIXED-LENGTH DATA ELEMENTS--GENERAL INFORMATION
fixed length control field 930320s1988 caua 001 0 eng d
010 ## - LIBRARY OF CONGRESS CONTROL NUMBER
LC control number 87072816
020 ## - INTERNATIONAL STANDARD BOOK NUMBER
International Standard Book Number 0897211510 :
Terms of availability 6.95
035 ## - SYSTEM CONTROL NUMBER
System control number (OCoLC)18598397
040 ## - CATALOGING SOURCE
Original cataloging agency CSj
Transcribing agency CSj
Modifying agency IWhN
-- DLC
041 ## - LANGUAGE CODE
Language code of text/sound track or separate title eng
042 ## - AUTHENTICATION CODE
Authentication code lccopycat
080 ## - UNIVERSAL DECIMAL CLASSIFICATION NUMBER
Universal Decimal Classification number 635.93415 ric
082 04 - DEWEY DECIMAL CLASSIFICATION NUMBER
Classification number 635.93415 ric
Edition number 20
100 1# - Rafti
Rafti 9
101 ## - Shkurtesa
Shkurtesa mje
245 10 - TITLE STATEMENT
Title All about growing orchids /
Statement of responsibility, etc created and designed by the editorial staff of Ortho Books ; writer, Rick Bond ; editor, Barbara Ferguson ; photographer, Saxon Holt ; illustrator, Ron Hildebrand.
906 ## - LOCAL DATA ELEMENT F, LDF (RLIN)
a 7
b cbc
c copycat
d 4
e opcn
f 19
g y-gencatlg
942 ## - ADDED ENTRY ELEMENTS (KOHA)
Source of classification or shelving scheme
Item type Books
Holdings
Withdrawn status Lost status Source of classification or shelving scheme Damaged status Not for loan Collection code Permanent location Current location Shelving location Date acquired Total Checkouts Full call number Barcode Date last seen Price effective from Koha item type
          Koleksioni i përgjithshem UBT - Lipjan UBT - Lipjan Koleksioni i përgjithshem 02/02/2018   635.93415 ric 002-2997550 02/02/2018 02/02/2018 Books
UBT Library © 2015-2024. All rights reserved University Education for Business and Technology